| 000 | 00417nam a2200145 4500 | ||
|---|---|---|---|
| 008 | 240801b |||||||| |||| 00| 0 eng d | ||
| 040 |
_aNational Science Library _cNational Science Library |
||
| 080 |
_a631=590 _bJ8.1 |
||
| 100 | _aSisesti, G Ionescu | ||
| 245 | _aAgrotechnica | ||
| 260 |
_aBucuresti: _bMinisterul Agriculturii Si Silviculturii, _c1958 |
||
| 300 | _a1018p. | ||
| 500 | _aVol. 1 | ||
| 942 |
_2udc _cCR |
||
| 999 |
_c65463 _d65463 |
||